000 00390nam a22001577a 4500
003 MPLRDC
005 20220104123505.0
008 210129b ||||| |||| 00| 0 eng d
082 _a427.12 XLX
100 _a薛凌霄、黄伟编著
245 _a搅拌器食谱100 种
_c
260 _a
_b香港万里书店
_c1978
300 _b
650 _a西餐食谱
942 _cBK
_o427.12 XLX
999 _c11835
_d11825